000
00224nam a2200097Ia 4500
005
20251222175817.0
008
251222s9999||||xx |||||||||||||| ||spa||
082
_a
DVD0070/T72C/1989
245
0
_a
Cinema paradiso:
942
_c
DVD
999
_c
40356
_d
40356